| 000 | 00925nam a2200301Ia 4500 | ||
|---|---|---|---|
| 001 | 13095 | ||
| 003 | IT-RoPAU | ||
| 008 | 130308s9999 xx 000 0 und d | ||
| 040 | _aIT-RoPAU | ||
| 040 | _cIT-RoPAU | ||
| 041 | _aITALIANO | ||
| 100 | _aGenco Anna | ||
| 100 | _gCodice Aut. SPICS: 6193 | ||
| 245 | _aAmbiente e didattica | ||
| 245 | _bQuestioni di Metodologia e Didattica | ||
| 250 | _a1a ed. | ||
| 260 | _aBRESCIA | ||
| 260 | _bLa Scuola | ||
| 260 | _c1974 [1° Ed.:1974 - Ed.Ling.Originale:1974] | ||
| 300 | _a"19 p. (prefazione: no ; testo: 19 [pagine: 599-617])" | ||
| 500 | _aProblematica Ambientale in Prospettiva sociologica e Psicologica Scuola e Ambiente Apprendimento Comportamento Ambiente Ambiente Come Comunicazione e Cultura Didattica Ambientale | ||
| 650 | _aMETODOLOGIA | ||
| 650 | _eCodice materia Spics: 2301 | ||
| 942 | _cBK | ||
| 957 | _71 | ||
| 999 |
_c38528 _d38528 |
||
| 999 | _bSI | ||
| 999 | _g1 | ||